000
00305nam a22001457a 4500
003
SGT
020
_a
97893482286697
082
_a
343.07
_b
MYN
100
_a
MYNENI S R
245
_a
COMPETITION LAW
250
_a
2
260
_a
FARIDABAD
_b
NEW ERA PUBLICATION
_c
2025
300
_a
439
942
_2
ddc
_c
BK
999
_c
34068
_d
34068